Sommer Transfers Fußball Teil 6 - Statistiken

Allgemein
  • Dieses Quiz wurde 218 mal gespielt
  • Das Durchschnittsergebnis liegt bei 9 aus 15
Antwortstatistiken
Vereine Spieler % Korrekt
Frankfurt-Juventus Kostic
87%
Chelsea-Leipzig Werner
85%
Manchester City-Arsenal Jesus
81%
Juventus-AS Rom Dybala
76%
Köln-Borussia Dortmund Modeste
74%
Hoffenheim-Leipzig Raum
74%
Rennes-FC Bayern Tel
73%
Lille-Paris Renato Sanches
67%
Manchester City-Arsenal Zinchenko
66%
Sevilla-Barcelona Kounde
65%
Brighton-Chelsea Cucurella
52%
Paris-AS Rom Wijnaldum
39%
FC Turin-Juventus Bremer
35%
Brügge-AC Mailand De Ketelaere
26%
Manchester United-Sevilla Telles
22%
Keine übereinstimmenden Quizze gefunden
Verteilung der Resultate
Anzahl Personen mit jedem Resultat
Perzentil nach korrekt beantworteten Fragen
Ihre Resultats-Entwicklung
Sie haben dieses Quiz noch nicht gespielt